Authority, continuity, and change in Islamic law

Saved in:  
Bibliographic Details
Main Author: Hallaq, Wael B. 1955- (Author)
Format: Print Book
Language:English
Subito Delivery Service: Order now.
Check availability: HBZ Gateway
WorldCat: WorldCat
Interlibrary Loan:Interlibrary Loan for the Fachinformationsdienste (Specialized Information Services in Germany)
Published: Cambridge [u.a.] Cambridge Univ. Press 2001
In:Year: 2001
Edition:1. publ.
Standardized Subjects / Keyword chains:B Legal theory / Development of law / Authority / Islamic law
Further subjects:B Islamic Law Interpretation and construction
B Law
B Islam
B Authority
B Application of law
B Islamic Law
B Islamic law
B Islamic countries
B Authority Religious aspects Islam
B Legal theory
Online Access: Book review (H-Net)
Table of Contents
Publisher description
Sample text
Table of contents

MARC

LEADER 00000cam a2200000 c 4500
001 32716672X
003 DE-627
005 20251222220145.0
007 tu
008 010323s2001 xxk||||| 00| ||eng c
010 |a  00065089  
016 7 |a bA137546  |2 UK 
020 |a 9780521803311  |c  : hardback  |9 978-0-521-80331-1 
020 |a 0521803314  |c hardback  |9 0-521-80331-4 
035 |a (DE-627)32716672X 
035 |a (DE-576)095783741 
035 |a (DE-599)GBV32716672X 
035 |a (OCoLC)833823935 
035 |a (OCoLC)46395831 
035 |a (DE-615)00550947 
040 |a DE-627  |b ger  |c DE-627  |e rakwb 
041 |a eng 
044 |c XA-GB  |c XD-US 
050 0 |a KBP454 
082 0 |a 340.59 
082 0 |a 340.5/9 
084 |a RG00.12  |2 fivr 
084 |a SF10  |2 fivs 
084 |a SG09  |2 fivs 
084 |a 6,23  |a 0  |2 ssgn 
084 |a 1  |2 ssgn 
084 |a PW 9400  |q OBV  |2 rvk  |0 (DE-625)rvk/141003: 
084 |a PU 9300  |2 rvk  |0 (DE-625)rvk/140742: 
084 |a 11.84  |2 bkl 
084 |a 86.10  |2 bkl 
100 1 |0 (DE-588)137837224  |0 (DE-627)596142196  |0 (DE-576)168056356  |4 aut  |a Hallaq, Wael B.  |d 1955- 
109 |a Hallaq, Wael B. 1955-  |a Hallaq, W. 1955-  |a Hallaq, Wael Bahjat 1955-  |a Ḥallāq, Wāʾil Bahǧat 1955-  |a Ḥallāq, Wāʾil 1955-  |a Ḥallāq, Wāʾil B. 1955- 
191 |a 1 
245 1 0 |a Authority, continuity, and change in Islamic law  |c Wael B. Hallaq 
250 |a 1. publ. 
264 1 |a Cambridge [u.a.]  |b Cambridge Univ. Press  |c 2001 
300 |a XIV, 269 S.  |c 24 cm 
336 |a Text  |b txt  |2 rdacontent 
337 |a ohne Hilfsmittel zu benutzen  |b n  |2 rdamedia 
338 |a Band  |b nc  |2 rdacarrier 
500 |a Includes bibliographical references (p. 242 - 260) and index 
500 |a Hier auch später erschienene, unveränderte Nachdrucke 
583 1 |a Archivierung prüfen  |c 20240324  |f DE-4165  |z 2  |2 pdager 
650 0 |a Islamic Law  |x Interpretation and construction 
650 0 |a Islamic Law 
650 0 |a Authority  |x Religious aspects  |x Islam 
650 0 7 |0 (DE-588)1151921939  |0 (DE-627)101270016X  |0 (DE-576)498151891  |a Islamisches Recht  |2 gnd 
650 0 7 |0 (DE-588)4027743-4  |0 (DE-627)106283499  |0 (DE-576)20897220X  |a Islam  |2 gnd 
650 0 7 |0 (DE-588)4048737-4  |0 (DE-627)106189719  |0 (DE-576)20907907X  |a Recht  |2 gnd 
650 0 7 |0 (DE-588)4126505-1  |0 (DE-627)105731900  |0 (DE-576)209585617  |a Rechtstheorie  |2 gnd 
650 0 7 |0 (DE-588)4003990-0  |0 (DE-627)106388134  |0 (DE-576)208853413  |a Autorität  |2 gnd 
650 0 7 |0 (DE-588)4048765-9  |0 (DE-627)104688998  |0 (DE-576)209079177  |a Rechtsanwendung  |2 gnd 
651 7 |0 (DE-588)4073172-8  |0 (DE-627)104279893  |0 (DE-576)209189622  |a Islamische Staaten  |2 gnd 
689 0 0 |d s  |0 (DE-588)4126505-1  |0 (DE-627)105731900  |0 (DE-576)209585617  |2 gnd  |a Rechtstheorie 
689 0 1 |d s  |0 (DE-588)4048792-1  |0 (DE-627)106189530  |0 (DE-576)209079266  |2 gnd  |a Rechtsfortbildung 
689 0 2 |d s  |0 (DE-588)4003990-0  |0 (DE-627)106388134  |0 (DE-576)208853413  |2 gnd  |a Autorität 
689 0 3 |d s  |0 (DE-588)1151921939  |0 (DE-627)101270016X  |0 (DE-576)498151891  |2 gnd  |a Islamisches Recht 
689 0 |5 (DE-627) 
856 4 2 |u https://swbplus.bsz-bw.de/bsz095783741inh.htm  |m B:DE-576;DE-B212  |q application/pdf  |v 20160919125832  |x Verlag  |3 Inhaltsverzeichnis  |7 1 
856 4 2 |u http://www.h-net.org/review/hrev-a0d4n3-aa  |x Verlag  |y Book review (H-Net)  |7 1 
856 4 2 |u http://www.loc.gov/catdir/samples/cam031/00065089.html  |x Verlag  |y Sample text  |7 1 
856 4 2 |u http://www.loc.gov/catdir/description/cam021/00065089.html  |x Verlag  |y Publisher description  |7 1 
856 4 2 |u http://www.loc.gov/catdir/toc/cam021/00065089.html  |x Verlag  |y Table of contents  |7 1 
935 |a mteo 
935 |i Blocktest 
936 r v |a PW 9400  |b Naher und Mittlerer Osten einschließlich Osmanisches Reich/Türkei, Iran, Afghanistan; hier auch Islamisches Recht  |k Rechtswissenschaft  |k Deutsche und ausländische Rechtsgeschichte  |k Aussereuropäische Rechtsgeschichte  |k Naher und Mittlerer Osten einschließlich Osmanisches Reich/Türkei, Iran, Afghanistan; hier auch Islamisches Recht  |0 (DE-627)1270708198  |0 (DE-625)rvk/141003:  |0 (DE-576)200708198 
936 r v |a PU 9300  |b Allgemeines und Übergreifendes  |k Rechtswissenschaft  |k Ausländisches Privatrecht, Privatrechtsvergleichung und -vereinheitlichung  |k Einzelne Länder  |k Naher Osten und Mittlerer Osten  |k Allgemeines und Übergreifendes  |0 (DE-627)1271450666  |0 (DE-625)rvk/140742:  |0 (DE-576)201450666 
936 b k |a 11.84  |j Islam: Sonstiges  |0 (DE-627)106404075 
936 b k |a 86.10  |j Recht einzelner Länder, Gebiete und Völker  |0 (DE-627)106422499 
936 f i |0 (DE-627)1756133522  |a RG00.12  |b Islamische Welt  |k Naher und Mittlerer Osten und Nordafrika  |k Geographische Räume (länderübergreifend) und Organisationen des Nahen und Mittleren Ostens/Nordafrikas  |k Islamische Welt  |2 fivr 
936 f i |0 (DE-627)1756135886  |a SF10  |b Recht  |k Staat  |k Recht  |2 fivs 
936 f i |0 (DE-627)1756136092  |a SG09  |b Religion/Religionsgemeinschaften  |k Gesellschaft  |k Religion/Religionsgemeinschaften  |2 fivs 
938 1 0 |0 (DE-627)1756206856  |0 (DE-615)6610147  |a Islamische Länder/Islamische Welt  |2 fivt 
938 1 0 |0 (DE-627)1756225982  |0 (DE-615)6605313  |a Islamisches Recht  |2 fivt 
938 1 0 |0 (DE-627)1756169551  |0 (DE-615)6605656  |a Islam  |2 fivt 
938 1 0 |0 (DE-627)175623650X  |0 (DE-615)6600690  |a Recht  |2 fivt 
938 1 0 |0 (DE-627)1756196095  |0 (DE-615)6603863  |a Rechtstheorie  |2 fivt 
938 1 0 |0 (DE-627)1756201099  |0 (DE-615)6600448  |a Rechtsbildung  |2 fivt 
938 1 0 |0 (DE-627)1756201552  |0 (DE-615)6601672  |a Autorität  |2 fivt 
938 1 0 |0 (DE-627)1756227381  |0 (DE-615)6606184  |a Rechtspraxis  |2 fivt 
938 1 1 |0 (DE-627)1756139822  |0 (DE-615)6604263  |a Rechtsgeschichte  |2 fiva 
938 1 1 |0 (DE-627)175622711X  |0 (DE-615)6607757  |a Islamische Rechtsschule  |2 fiva 
951 |a BO 
CAN |a 1 
ELC |b 1 
ITA |a 1 
LOK |0 000 xxxxxcx a22 zn 4500 
LOK |0 001 3237044288 
LOK |0 003 DE-627 
LOK |0 004 32716672X 
LOK |0 005 20100408183533 
LOK |0 008 021210||||||||||||||||ger||||||| 
LOK |0 040   |a DE-21-35  |c DE-627  |d DE-21-35 
LOK |0 541   |e 02/2052 
LOK |0 852   |a DE-21-35 
LOK |0 852 1  |c Ol 9.142  |m p  |9 00 
LOK |0 938   |k p 
LOK |0 938   |l K10  |8 0 
LOK |0 939   |a 10-12-02  |b l01 
LOK |0 000 xxxxxcx a22 zn 4500 
LOK |0 001 3237044296 
LOK |0 003 DE-627 
LOK |0 004 32716672X 
LOK |0 005 20190502125532 
LOK |0 008 110216||||||||||||||||ger||||||| 
LOK |0 040   |a DE-21-42  |c DE-627  |d DE-21-42 
LOK |0 541   |e 02 K 91 
LOK |0 852   |p 605447246906 
LOK |0 852   |a DE-21-42 
LOK |0 852 1  |c Yr 240  |m p  |9 00 
LOK |0 935   |a k042  |a i042  |a orie 
LOK |0 938   |k p 
LOK |0 939   |a 16-02-11  |b l01 
LOK |0 000 xxxxxcx a22 zn 4500 
LOK |0 001 4426310334 
LOK |0 003 DE-627 
LOK |0 004 32716672X 
LOK |0 005 20231219173458 
LOK |0 008 231205||||||||||||||||ger||||||| 
LOK |0 040   |a DE-Tue135  |c DE-627  |d DE-Tue135 
LOK |0 092   |o n 
LOK |0 852   |a DE-Tue135 
LOK |0 852 1  |9 00 
LOK |0 935   |a fivi 
LOK |0 939   |a 05-12-23  |b l01 
ORI |a SA-MARC-ixtheoa001.raw 
REL |a 1 
STA 0 0 |a Application of law,Authority,Authority,Authority in art,Development of law,Legal development,Islam,Islam,Islamic countries,Islamic states,Islamic law,Law,Law,Right,Law,Jurisprudence,Law in literature,Legal theory,Theory of law,Law theory 
STB 0 0 |a Application du droit,Autorité,Autorité,Autorité (psychologie),Droit islamique,Droit,Droit,Développement du droit,Évolution du droit,Évolution du droit,Islam,Islam,Théorie du droit 
STC 0 0 |a Aplicación del derecho,Autoridad,Autoridad,Derecho musulmán,Derecho,Derecho,Formación continua en derecho,Islam,Islam,Teoría del derecho 
STD 0 0 |a Applicazione del diritto,Autorità,Autorità,Diritto,Diritto,Evoluzione del diritto,Sviluppo giuridico,Sviluppo giuridico,Islam,Islam,Shari'a,Diritto islamico,Teoria del diritto 
STE 0 0 |a 伊斯兰教,伊斯兰教,回教,回教,权威,法学理论,法律理论,法律,法律,法制,法制,法的发展,法律发展 
STF 0 0 |a 伊斯蘭教,伊斯蘭教,回教,回教,伊斯蘭教法,權威,法學理論,法律理論,法律,法律,法制,法制,法的發展,法律發展 
STG 0 0 |a Aplicação do direito,Autoridade,Autoridade,Direito,Direito,Formação permanente em direito,Islã,Islã,Teoria do direito,Xaria 
STH 0 0 |a Авторитет (мотив),Авторитет,Ислам (мотив),Ислам,Право (мотив),Право,Применение права,Развитие права,Теория права,Шариат 
STI 0 0 |a Δίκαιο (μοτίβο),Δίκαιο,Εξουσία (μοτίβο),Εξουσία,Εφαρμογή του νόμου,Θεωρία του δικαίου,Ισλάμ (μοτίβο),Ισλάμ,Μετάπλαση του δικαίου,Εξέλιξη του δικαίου,Σαρία 
SUB |a CAN  |a REL 
SYE 0 0 |a Islam,Sharia,Scharia,Šarīʿa,Scheriʿa,Scheriat , Islam , Recht , Recht,Richterliche Rechtsanwendung,Rechtspraxis 
SYF 0 0 |a Islamischer Orient,Islamische Länder,Islamische Regionen 
SYG 0 0 |a Recht , Rechtsentwicklung,Recht , Islam,Sharia,Scharia,Šarīʿa,Scheriʿa,Scheriat